| 000 | 00454pab a2200181 454500 | ||
|---|---|---|---|
| 008 | 180718b2002 xxu||||| |||| 00| 0 eng d | ||
| 100 | _aLamb, Peter | ||
| 245 | _aPolitics, Robinson Crusoe, Harold Laski and Plato; a response to Burns | ||
| 260 | _c2002 | ||
| 300 | _ap.39-44. | ||
| 362 | _aFeb | ||
| 650 | _aPlato | ||
| 650 | _aLaski, Harlod | ||
| 650 | _aCrusoe, Robinson | ||
| 650 | _aPolitical science | ||
| 773 | _aPolitics | ||
| 909 | _a53544 | ||
| 999 |
_c53544 _d53544 |
||